[Event "Geneve Bois Gentil op"]
[Site "Geneve"]
[Date "2020.01.10"]
[Round "1"]
[White "Amos, Leo"]
[Black "Ait Benbrahim, Mohamed"]
[Result "1-0"]
[WhiteElo "1802"]
[BlackElo "1560"]
[PlyCount "53"]
[EventDate "2020.01.10"]
[EventType "swiss"]
[EventRounds "7"]
[EventCountry "SUI"]
[SourceTitle "CBM 195 Extra"]
[Source "ChessBase"]
[SourceDate "2020.05.31"]
[SourceVersion "1"]
[SourceVersionDate "2020.05.31"]
[SourceQuality "1"]

1. e4 e5 2. Nf3 Nc6 3. Bb5 Nd4 4. Nxd4 exd4 5. 0-0 c6 6. Bc4 b5 7. Bb3 d6 8. d3 g6 9. f4 a5 10. a4 Bg7 11. axb5 cxb5 12. f5 Nf6 13. Bg5 0-0 14. fxg6 hxg6 15. e5 dxe5 16. Qf3 Bf5 17. Nd2 Qc7 18. Bxf6 Bxf6 19. g4 Bg5 20. gxf5 Bxd2 21. fxg6 Be3+ 22. Kh1 Kg7 23. Qf6+ Kh6 24. g7+ Kh7 25. Bd5 Qxc2 26. Be4+ Kg8 27. gxf8Q+ 1-0

[Event "Geneve Bois Gentil op"]
[Site "Geneve"]
[Date "2019.01.25"]
[Round "3"]
[White "Guex, Pascal"]
[Black "Amos, Leo"]
[Result "1-0"]
[WhiteElo "2129"]
[BlackElo "1855"]
[PlyCount "45"]
[EventDate "2019.01.11"]
[EventType "swiss"]
[EventRounds "7"]
[EventCountry "SUI"]
[SourceTitle "CBM 189 Extra"]
[Source "ChessBase"]
[SourceDate "2019.06.03"]
[SourceVersion "1"]
[SourceVersionDate "2019.06.03"]
[SourceQuality "1"]

1. e4 e5 2. Nf3 Nc6 3. d4 exd4 4. Nxd4 Bc5 5. Be3 Qf6 6. Nb5 Bxe3 7. fxe3 Qd8 8. Qg4 g6 9. N1c3 a6 10. Nd4 Nxd4 11. exd4 d6 12. Qf4 Qf6 13. Qe3 Ne7 14. 0-0-0 Bg4 15. Rd2 0-0-0 16. Bc4 Be6 17. Rf1 Qg7 18. d5 Bd7 19. Qa7 c6 20. Bxa6 bxa6 21. Qxa6+ Kc7 22. Qa7+ Kc8 23. Na4 1-0